Statistics for Most popular car brands in every country

Click here to take the quiz!

General Stats

  • This quiz has been taken 37 times
  • The average score is 7 of 15

Answer Stats

LandCar brand% Correct
SwedenVolvo
97%
GermanyVolkswagen
91%
ItalyFiat
82%
FranceRenault
76%
CanadaFord
68%
SpainSeat
68%
Czech RepublicSkoda
59%
BelarusLada
35%
AustraliaToyota
35%
DenmarkVolkswagen
29%
South AfricaToyota
26%
AlgeriaRenault
24%
ArgentinaVolkswagen
24%
MexicoNissan
18%
TurkeyFiat
12%

Score Distribution

Percentile by Number Answered

Percent of People with Each Score

Your Score History

You have not taken this quiz